| 000 | 00508nam a2200193Ia 4500 | ||
|---|---|---|---|
| 005 | 20260429112257.0 | ||
| 008 | 260429s9999||||xx |||||||||||||| ||und|| | ||
| 020 | _a9788196560621 | ||
| 041 | _aEnglish | ||
| 082 |
_a181.4 _bSAX |
||
| 100 | _aSaxena, S.K. | ||
| 245 | 0 |
_aHistory of Indian philosophy / _cS.K. Saxena |
|
| 250 | _a1st ed. | ||
| 260 |
_aNew Delhi : _bAtal Prakasan, _c2026. |
||
| 300 | _avii, 280 p.; hb | ||
| 650 | _a History of philosophy | ||
| 650 | _aIndian philosophy | ||
| 942 | _cTB | ||
| 999 |
_c53268 _d53268 |
||